|
|
|
|
| LEADER |
01316njm a2200373 a 4500 |
| 001 |
000535788 |
| 003 |
CZ BrMZK |
| 005 |
20000105143423.0 |
| 008 |
000105s2000 xr f cze d |
| 028 |
0 |
3 |
|a SU 3495-2 131
|b Supraphon
|
| 040 |
|
|
|a BOA001
|b cze
|
| 080 |
|
|
|a 787.5.082.2(086.7)
|2 MRF
|
| 100 |
1 |
|
|a Rosetti, Antonio,
|d 1750-1792
|7 jn20031230029
|4 cmp
|
| 245 |
1 |
0 |
|a Sonatas
|h [zvukový záznam] /
|c František Antonín Rössler-Rosetti.
|
| 246 |
3 |
3 |
|a Sonata in E flat major
|
| 246 |
3 |
3 |
|a Sonata in F major
|
| 246 |
3 |
|
|a Sonata in G major
|
| 246 |
1 |
3 |
|a Harp sonatas
|
| 246 |
3 |
3 |
|a Sonata in B flat major
|
| 246 |
3 |
3 |
|a Sonata in C major
|
| 260 |
|
|
|a Praha :
|b Supraphon,
|c p2000
|
| 300 |
|
|
|a 1 CD :
|b DDD, stereo ;
|c 12 cm +
|e 1 brožura (14 s.).
|
| 306 |
|
|
|a 010036
|
| 500 |
|
|
|a Text v brož. vícejaz.
|
| 500 |
|
|
|a Nahr. 2000
|
| 500 |
|
|
|a Durata 60:36
|
| 505 |
2 |
|
|a Sonata in B flat major, Sonata in G major, Sonata in B flat major ... [eet al.]
|
| 511 |
0 |
|
|a Kateřina Englichová, harfa
|
| 653 |
0 |
|
|a harfové sonáty
|a klasicismus(hudeb.)
|
| 700 |
1 |
|
|a Englichová, Kateřina,
|d 1969-
|7 ola2002113958
|4 prf
|
| 910 |
|
|
|a BOA001
|b CD-0009.020
|
| 964 |
|
|
|a Harfa
|x sonáty
|x CD
|
| 990 |
|
|
|a AV
|
| 996 |
6 |
|
|b 261H009709
|c CD-0009.020
|l MZK
|r Sklad / do 24 hodin
|n 0
|p p.v.
|w 000535788
|u 000010
|a 1
|e BOA001
|j MZK50
|s P
|